LIBRARY & INFORMATION CENTRE, KCAET, TAVANUR

ONLINE PUBLIC ACCESS CATALOGUE (OPAC)

Solar energy R&D in the Europian community vol-1 solar radiation data : proceedings of the EC contractors meeting held in Brussels,20 nov.1981 / (Record no. 10222)

MARC details
000 -LEADER
fixed length control field 00469cam a2200145ua 4500
041 ## - LANGUAGE CODE
Language code of text/sound track or separate title eng
082 ## - DEWEY DECIMAL CLASSIFICATION NUMBER
Classification number 028.74539
Item number PAL/SO
100 ## - MAIN ENTRY--AUTHOR NAME
Personal name Palz, W .
245 ## - TITLE STATEMENT
Title Solar energy R&D in the Europian community vol-1 solar radiation data : proceedings of the EC contractors meeting held in Brussels,20 nov.1981 /
260 ## - PUBLICATION, DISTRIBUTION, ETC. (IMPRINT)
Place of publication :
Name of publisher Reidel publishing co. ,
Year of publication 1982.
300 ## - PHYSICAL DESCRIPTION
Number of Pages 143 ; .
942 ## - ADDED ENTRY ELEMENTS (KOHA)
Koha item type Books
Holdings
Withdrawn status Lost status Damaged status Home library Current library Date acquired Full call number Accession Number Koha item type
      KAUAET KAUAET 27/03/1987 028.74539 16293 Reference
free website counter